| 000 | 00895nam a2200265 a 4500 | ||
|---|---|---|---|
| 001 | 000045821 | ||
| 003 | DO-SdBNP | ||
| 005 | 20240307073949.0 | ||
| 007 | ta | ||
| 008 | 150515s2003 dr 000 0 spa d | ||
| 040 |
_aDO-SdBNP _bspa _cBNPHU |
||
| 082 |
_axxxx _bU588 |
||
| 110 | 1 |
_aUniversidad Autónoma de Santo Domingo _972951 |
|
| 245 | 1 | 0 |
_aLibro de graduandos : _binvestidura ordinaria 14 de junio, 2003 |
| 260 |
_aSanto Domingo : _bUniversitaria-UASD, _c2003. |
||
| 300 |
_a64 p. ; _c22 cm. |
||
| 490 | 1 |
_aPublicaciones de la Universidad Autónoma de Santo _vVol. 1108 Actos Académicos, No. 129 |
|
| 490 | 1 |
_aActos académicos _v5 |
|
| 590 | _aInventariado, 2022 / DG | ||
| 650 | 4 |
_aTITULOS ACADEMICOS _981657 |
|
| 830 | 0 |
_aPublicaciones de la Universidad Autónoma de Santo Domingo. _n478 _973896 |
|
| 830 | 0 |
_aActos académicos. _n5 _973897 |
|
| 910 | _aDG | ||
| 942 |
_2ddc _cLBS1 |
||
| 999 |
_c52650 _d52650 |
||